| 000 | 00571nam a2200217Ia 4500 | ||
|---|---|---|---|
| 005 | 20230808104844.0 | ||
| 008 | 131103s9999 xx 000 0 und d | ||
| 020 |
_a91211603 _c5.50 pds |
||
| 040 | _aLoreto College | ||
| 041 | _aEnglish | ||
| 082 |
_a920 _bMOU-HOU |
||
| 100 | _aHough,Richard | ||
| 245 |
_aLouis & Victoria _b the first Mountbattens _cRichard Hough |
||
| 260 |
_aLondon _bHutchinson _c1974 |
||
| 300 |
_axviii,401 p. _b illus. |
||
| 630 | _aEngland - Biography | ||
| 650 | _aMountbattens | ||
| 651 | _aBiography | ||
| 850 | _aLCLIB | ||
| 942 | _cBK | ||
| 999 |
_c13815 _d64294 |
||